000 00718nam a2200169Ia 4500
008 090711s9999 xx 000 0 und d
082 _b960
100 _aशेवते अरुण (संपा.)
245 _a"मद्य नव्हे, हे मंतरलेले पाणी !"
260 _bमहेता पब्लिकेशन हाऊस
_c1999
300 _a171
600 _aशेवते अरुण (संपा.)
630 _a"मद्य नव्हे, हे मंतरलेले पाणी !"
700 _aशेवते अरुण (संपा.)
730 _a"मद्य नव्हे, हे मंतरलेले पाणी !"
942 _cBOOK
999 _c335972
_d335972